[Event "Kostroma Volga Cup"]
[Site "Kostroma"]
[Date "2012.07.07"]
[Round "4"]
[White "Nozdrachev, Leonid"]
[Black "Dzhangobegov, Vladimir"]
[Result "0-1"]
[WhiteElo "2385"]
[BlackElo "2360"]
[PlyCount "96"]
[EventDate "2012.07.04"]
[EventType "tourn"]
[EventRounds "9"]
[EventCountry "RUS"]
[EventCategory "3"]
[SourceTitle "EXT 2013"]
[Source "ChessBase"]
[SourceDate "2012.11.22"]
[SourceVersion "1"]
[SourceVersionDate "2012.11.22"]
[SourceQuality "1"]

1. e4 g6 2. d4 Bg7 3. Nf3 c6 4. Nc3 d6 5. Be2 Nf6 6. 0-0 0-0 7. a4 a5 8. Re1 Na6 9. Bf4 Nb4 10. Qd2 d5 11. e5 Ne4 12. Nxe4 dxe4 13. Ng5 Bf5 14. g4 e3 15. Qxe3 Nd5 16. Qh3 h6 17. Bd2 Bxc2 18. Rac1 Bxa4 19. Nf3 Qd7 20. Kh1 f5 21. Nh4 g5 22. Nxf5 Qe6 23. b3 Bb5 24. Bxb5 cxb5 25. Rc5 b6 26. Rc2 Rac8 27. Rec1 Rxc2 28. Rxc2 Rc8 29. Rxc8+ Qxc8 30. Qd3 Qd7 31. f3 a4 32. bxa4 bxa4 33. h4 e6 34. Nd6 gxh4 35. Qg6 a3 36. Qb1 Qa7 37. Qa2 Qa4 38. Kg2 Qxd4 39. Bc1 Qxe5 40. Ne4 Bf8 41. Bxa3 Nf4+ 42. Kh2 Qa5 43. Qc4 Qxa3 44. Nf6+ Kf7 45. Qc7+ Be7 46. Qc2 Kxf6 47. g5+ hxg5 48. Qb1 Qxf3 0-1

[Event "Kostroma Volga Cup"]
[Site "Kostroma"]
[Date "2012.07.05"]
[Round "2"]
[White "Mikhailov, Viacheslav"]
[Black "Dzhangobegov, Vladimir"]
[Result "1/2-1/2"]
[WhiteElo "2293"]
[BlackElo "2360"]
[PlyCount "68"]
[EventDate "2012.07.04"]
[EventType "tourn"]
[EventRounds "9"]
[EventCountry "RUS"]
[EventCategory "3"]
[SourceTitle "EXT 2013"]
[Source "ChessBase"]
[SourceDate "2012.11.22"]
[SourceVersion "1"]
[SourceVersionDate "2012.11.22"]
[SourceQuality "1"]

1. e4 g6 2. d4 Bg7 3. Nc3 d6 4. Be3 c6 5. Qd2 b5 6. f3 Nf6 7. g4 h5 8. g5 Nfd7 9. f4 Nb6 10. Nf3 Bg4 11. Nh4 Qc8 12. Qf2 b4 13. Nb1 d5 14. h3 Bd7 15. Nd2 Na4 16. f5 gxf5 17. exf5 Nxb2 18. Rb1 Na4 19. Rxb4 c5 20. dxc5 Na6 21. Bxa6 Qxa6 22. Bd4 Bxd4 23. Qxd4 Rg8 24. Kf2 Qc6 25. Rhb1 Nxc5 26. c4 Ne4+ 27. Nxe4 dxe4 28. Rb8+ Rxb8 29. Rxb8+ Bc8 30. Rb5 Qc7 31. Ng2 Rxg5 32. Qh8+ Kd7 33. Qd4+ Ke8 34. Qh8+ Kd7 1/2-1/2

[Event "Moscow op-A"]
[Site "Moscow"]
[Date "2012.02.05"]
[Round "9"]
[White "Loskutov, Oleg"]
[Black "Dzhangobegov, Vladimir"]
[Result "1/2-1/2"]
[WhiteElo "2439"]
[BlackElo "2343"]
[PlyCount "57"]
[EventDate "2012.01.28"]
[EventType "swiss"]
[EventRounds "9"]
[EventCountry "RUS"]
[SourceTitle "CBM 146 Extra"]
[Source "ChessBase"]
[SourceDate "2012.02.29"]
[SourceVersion "1"]
[SourceVersionDate "2012.02.29"]
[SourceQuality "1"]

1. e4 c5 2. Nf3 e6 3. d4 cxd4 4. Nxd4 Nf6 5. Nc3 d6 6. Be2 Be7 7. 0-0 0-0 8. f4 Nc6 9. Be3 Bd7 10. Ndb5 Qb8 11. a4 Rd8 12. Qe1 Nb4 13. Rc1 a6 14. Nd4 d5 15. e5 Ne4 16. Nxe4 dxe4 17. Bc4 Bxa4 18. b3 Bd7 19. Qg3 b5 20. f5 exf5 21. Bxf7+ Kxf7 22. Rxf5+ Kg8 23. Rcf1 Bxf5 24. Nxf5 Bf8 25. Nh6+ Kh8 26. Nf7+ Kg8 27. Nh6+ Kh8 28. Nf7+ Kg8 29. Nh6+ 1/2-1/2